000 01217cam a22003131 4500
001 l 22000016
003 DLC
005 20260227111527.0
007 cr_|||||||||||
008 800521s1921 dcuab f000 0 engdc
010 _al 22000016
035 _a(OCoLC)6342871
040 _aU.S. Dept. of labor. Library
_cOCl
_dDLC
050 0 0 _aHD6093
_b.A3
082 _a331.4
110 1 _aUnited States.
_bWomen's Bureau.
245 1 0 _aState laws affecting working women.
260 _aWashington,
_bGovt. print. off.,
_c1921.
300 _a51 p.
_bcol. maps, fold. tables.
_c23 cm.
490 0 _aBulletin,
_vno. 16
500 _aAt head of title: U.S. Department of labor. James J. Davis, secretary. Mary Anderson, director.
500 _a"This material has been prepared by Mrs. Mildred J. Gordon."--Letter of transmittal.
530 _aA digital reproduction is available from the Open Collections Program at Harvard University, Women and work collection.
650 0 _aWomen
_xEmployment
_zUnited States.
650 0 _aLabor laws and legislation
_zUnited States.
650 0 _aHours of labor
_zUnited States.
700 1 _aGordon, Mildred J.
856 4 1 _uhttp://nrs.harvard.edu/urn-3:HBS.BAKER:136853
999 _c35597
_d35597